Dos delitos e das penas

Bibliographic Details
Main Author: Beccaria, Cesare
Format: Book
Language:Portuguese
Published: Brasil Pillares 2013
Subjects:
Online Access:Acceso restringido

MARC

LEADER 00000nam a22000007a 4500
005 2016022407027.0
007 cr|||| ||
008 160224s2013 bl ||||| |||| 00||0 por d
020 |a 978-85-8183-010-0 
035 |a 13113 
040 |a vLex  
090 |c 5928  |d 5928 
100 1 |a Beccaria, Cesare 
245 1 0 |a Dos delitos e das penas  |h [Recurso electrn̤ico] /  |c Cesare Beccaria  
256 |a Servicio en ln̕ea  
260 |a Brasil   |b Pillares   |c 2013 
300 |a 1 recurso electrn̤ico  
506 1 |a Contenido solo disponible en los productos indicados   |d vLex Global  |d vLex Global (Academic Edition, excluding Law Schools)  |d vLex Global (U.S. Academic Edition, Law Schools)  |d vLex Global (U.S. Academic Edition, excluding Law Schools)  |d vLex Global (Academic Edition, Law Schools) 
650 0 4 |a Derecho  |z Brasil  
740 0 |a vLex libros (servicio en ln̕ea)  
856 4 0 |u http://vlex.com/source/dos-delitos-e-das-penas-13113  |z Acceso restringido  
942 |c BOOK 
999 0 |a Law